000
00244nam a22001097a 4500
020
_a
9788184405057
082
_a
K895
100
_a
KALARTHI, MUKUL
245
_a
JIVANPRASANGMALA - 4 - SHREE RAMKRISHANA PARAMHANSNA
300
_a
68P
942
_c
BK
999
_c
2289
_d
2289